000 00702nam a2200265Ia 4500
003 OSt
005 20221007104750.0
006 a|||||r|||| 00| 0
007 ta
008 221006b |||||||| |||| 00| 0 eng d
024 _a16,729
037 _cTextual
040 _aLCO
_cLCO
_beng
041 _2eng
_aeng
082 _aZ2,5y7, K4
100 _aTurner J.W.C
_9706328
245 0 _aCases on Criminal Law
250 _a3rd
260 _aCambridge
_bCambridge University Press UK
_c1964
300 _a664
650 _aCRIMINAL LAW
_9601958
700 _a Armitage A.LL.
_9685254
942 _hZ2,5y7, K4
_cTEXL
999 _c1186292
_d1186292